| 000 | 00325nam a22001217a 4500 | ||
|---|---|---|---|
| 008 | 170418b xxu||||| |||| 00| 0 eng d | ||
| 041 | _aeng | ||
| 080 |
_28 ED _a579 |
||
| 100 | _a11 | ||
| 101 | _aSHM | ||
| 245 |
_aHAGAN AND BRUNERS MICROBIOLOGY INFECTIOUS DISEASES OF DOMENIC ANIMALS _cTIMONEY.J.F |
||
| 942 |
_2udc _cBK |
||
| 999 |
_c10952 _d10952 |
||